Tous les pays vainqueurs de la CAN en 30 secondes - Statistiques

Statistiques générales
  • Ce quiz a été pris 63 fois
  • Le résultat moyen est 23 sur 35
Statistiques - réponses
Année Pays % Correct
2021 Senegal
100%
2026 Senegal
100%
1990 Algerie
96%
2019 Algerie
96%
1976 Maroc
96%
1957 Egypte
93%
1986 Egypte
93%
1998 Egypte
93%
2006 Egypte
93%
2008 Egypte
93%
2010 Egypte
93%
1992 Cote d’Ivoire
82%
2015 Cote d’Ivoire
82%
2023 Cote d’Ivoire
82%
2004 Tunisie
71%
1984 Cameroun
62%
1988 Cameroun
62%
2000 Cameroun
62%
2002 Cameroun
62%
2017 Cameroun
62%
1980 Nigeria
60%
1994 Nigeria
60%
2013 Nigeria
60%
1968 République Démocratique du Congo
58%
1996 Afrique du Sud
56%
1972 République du Congo
51%
1963 Ghana
49%
1965 Ghana
49%
1978 Ghana
49%
1982 Ghana
49%
2012 Zambie
49%
1970 Soudan
27%
1962 Ethiopie
24%
1974 Zaïre
20%
1959 République Arabe Unie
4%
Aucun quiz correspondant
Distribution des résultats
% des personnes avec chaque résultat
Percentile par nombre de réponses
Votre historique - résultats
Vous n’avez pas pris ce quiz